<?xml version="1.0" encoding="UTF-8"?>
<collection xmlns="http://www.loc.gov/MARC21/slim">
 <record>
  <leader>02924nam a2200421 a 4500</leader>
  <controlfield tag="001">TVCDKTCT13596</controlfield>
  <controlfield tag="003">Thư viện trường Cao đẳng Kỹ thuật Cao Thắng</controlfield>
  <controlfield tag="005">20041202000000</controlfield>
  <controlfield tag="008">041202</controlfield>
  <datafield tag="980" ind1="\" ind2="\">
   <subfield code="a">Thư viện Trường CĐ Kỹ Thuật Cao Thắng</subfield>
  </datafield>
  <datafield tag="024" ind1=" " ind2=" ">
   <subfield code="a">RG_1 #1 eb0 i1</subfield>
  </datafield>
  <datafield tag="020" ind1="#" ind2="#">
   <subfield code="a">9810227787</subfield>
  </datafield>
  <datafield tag="041" ind1="0" ind2="#">
   <subfield code="a">vie</subfield>
  </datafield>
  <datafield tag="082" ind1="#" ind2="#">
   <subfield code="a">530.4'16 / </subfield>
   <subfield code="b">P200R-g</subfield>
  </datafield>
  <datafield tag="100" ind1="1" ind2="#">
   <subfield code="a">N. Chuev Gennady</subfield>
  </datafield>
  <datafield tag="245" ind1="0" ind2="0">
   <subfield code="a">Perspectives of Polarons /</subfield>
   <subfield code="c">N. Chuev Gennady, D. Lakhno Victor</subfield>
  </datafield>
  <datafield tag="250" ind1="#" ind2="#">
   <subfield code="a">In lần thứ 1</subfield>
  </datafield>
  <datafield tag="260" ind1="#" ind2="#">
   <subfield code="a">Singapore :</subfield>
   <subfield code="b">World Scientific ,</subfield>
   <subfield code="c">1996</subfield>
  </datafield>
  <datafield tag="300" ind1="#" ind2="#">
   <subfield code="a">250tr. ;</subfield>
   <subfield code="c">21.5 cm</subfield>
  </datafield>
  <datafield tag="520" ind1="#" ind2="#">
   <subfield code="a">The book presents the development of the polaron theory and its applications in various fields of physics. Nowadays, methods of the polaron theory are widely used in such sciences as solid state and nuclear physics, chemistry, etc. The monograph includes selected articles, based on the talks, given at the Workshops held in Pushchino in 1993 and 1994. These articles cover different aspects of polaron physics and quantum field theory ranging from nuclear physics to solid state physics and chemistry, they involve both the fundamental research such as bipolarons and the polaron applications to study the self-trapped electron state in various liquids. We hope our book will be of interest to a broad range of readers, which can be able to sense the excitement of the articles. </subfield>
  </datafield>
  <datafield tag="520" ind1="#" ind2="#">
   <subfield code="a">Contents:</subfield>
  </datafield>
  <datafield tag="520" ind1="#" ind2="#">
   <subfield code="a">    Perspectives in Polarons:</subfield>
  </datafield>
  <datafield tag="520" ind1="#" ind2="#">
   <subfield code="a">        Theory and Applications of Strongly Coupled Large Polaron (G N Chuev &amp; V D Lakhno)</subfield>
  </datafield>
  <datafield tag="520" ind1="#" ind2="#">
   <subfield code="a">        Theoretical Investigation of Self-Trapped Hole in Alkali Halides. Long-Range Effects Within the Model Hamiltonian Approach (P B Zapol &amp; L N Kantorovich)</subfield>
  </datafield>
  <datafield tag="520" ind1="#" ind2="#">
   <subfield code="a">        The Quantum Field Theory of Bunucleon (V D Lakhno)</subfield>
  </datafield>
  <datafield tag="520" ind1="#" ind2="#">
   <subfield code="a">        Generalized Functional Approach in the Theory Meson-Nucleon Interaction (V D Lakhno)</subfield>
  </datafield>
  <datafield tag="520" ind1="#" ind2="#">
   <subfield code="a">        Nonlinear Mathematical Models in Biopolymer Science (L V Yakushevich)</subfield>
  </datafield>
  <datafield tag="520" ind1="#" ind2="#">
   <subfield code="a">        The Ground State of Frưhlich 1D Fermi-Polaron (E A Kochetov)</subfield>
  </datafield>
  <datafield tag="520" ind1="#" ind2="#">
   <subfield code="a">    Autolocalized Electron States in Ordered and Disordered Systems:</subfield>
  </datafield>
  <datafield tag="520" ind1="#" ind2="#">
   <subfield code="a">        Mean-Field Theory of the Solvated Electron and Dielectron States (G N Chuev)</subfield>
  </datafield>
  <datafield tag="520" ind1="#" ind2="#">
   <subfield code="a">        Resonance, Localized and Polaron-Type Electron States in Elastic Materials with Topological Defects (V A Osipov)</subfield>
  </datafield>
  <datafield tag="520" ind1="#" ind2="#">
   <subfield code="a">        Bipolarons in Anisotropic Crystals (N I Kashirina et al.)</subfield>
  </datafield>
  <datafield tag="520" ind1="#" ind2="#">
   <subfield code="a">        SU(2) Path Integral for the Heisenberg Ferromagnetic (E A Kochetov)</subfield>
  </datafield>
  <datafield tag="520" ind1="#" ind2="#">
   <subfield code="a">        Low-Temperature Electron Mobility of Acoustical Polaron (B A Kotiya &amp; V F Los)</subfield>
  </datafield>
  <datafield tag="520" ind1="#" ind2="#">
   <subfield code="a">        Polaron Effects on Magnitoresistance in Quasi-Two-Dimensional Conductors (L S Kukushkin)</subfield>
  </datafield>
  <datafield tag="650" ind1="#" ind2="4">
   <subfield code="a">Polarons</subfield>
  </datafield>
  <datafield tag="650" ind1="#" ind2="4">
   <subfield code="a">Physics</subfield>
  </datafield>
  <datafield tag="700" ind1="0" ind2="#">
   <subfield code="a">D. Lakhno Victor</subfield>
  </datafield>
 </record>
</collection>
